|
|
|
|
| LEADER |
00000nam a2200000Ii 4500 |
| 001 |
DIGUNAU0026 |
| 003 |
NyNyDIG |
| 006 |
m o d |
| 007 |
cr ||||||||||| |
| 008 |
140301s2012 ck a ob 000 0 spa d |
| 020 |
|
|
|z 9588366437
|
| 020 |
|
|
|z 9789588366432
|
| 035 |
|
|
|a (OCoLC)888247514
|
| 040 |
|
|
|a DGITA
|b eng
|e pn
|c DGITA
|
| 041 |
0 |
|
|a spapor
|
| 050 |
1 |
4 |
|a JA71 eBook
|
| 050 |
1 |
4 |
|a JC71.A7 eBook
|
| 100 |
1 |
|
|a Cadavid Guerrero, Ivan Andres.
|
| 245 |
1 |
3 |
|a El buen político según Aristóteles /
|c Ivan Cadavid Guerrero [prólogo de João Francisco Cortes Bustamante]
|
| 250 |
|
|
|a 1. ed.
|
| 264 |
|
1 |
|a Medellín, Colombia :
|b Ediciones Universidad Autónoma Latinoamericana (UNAULA),
|c 2012.
|
| 300 |
|
|
|a 1 online resource (94 pages)
|
| 336 |
|
|
|a text
|b txt
|2 rdacontent
|
| 337 |
|
|
|a computer
|b c
|2 rdamedia
|
| 338 |
|
|
|a online resource
|b cr
|2 rdacarrier
|
| 490 |
1 |
|
|a Serie Cultura de la investigación.
|
| 504 |
|
|
|a Includes bibliographical references (p. 93-94).
|
| 505 |
0 |
|
|a Prólogo. Joao Francisco Cortes Bustamante (Español) -- Prólogo. Joao Francisco Cortes Bustamante (Portugués) -- Introducción -- Capítulo propedéutico. Lo público y lo privado: un presupuesto de virtud en Aristóteles -- 1. Acerca de la virtud en Aristóteles -- 2. La finalidad de la política -- 3. La concordia -- 4. El equilibrio social -- 5. El buen político - Bibliografía.
|
| 600 |
0 |
0 |
|a Aristotle
|x Political and social views.
|
| 600 |
0 |
0 |
|a Aristotle
|x Politics.
|
| 650 |
|
0 |
|a Political science
|x Philosophy.
|
| 655 |
|
0 |
|a Electronic books.
|
| 700 |
1 |
|
|a Cortes Bustamante, João Francisco.
|
| 710 |
2 |
|
|a Universidad Autónoma Latinoamericana.
|b Facultad de Derecho.
|b Grupo de Investigación Ratio Juris.
|
| 791 |
2 |
|
|a Digitalia (Firm),
|e distributor.
|
| 830 |
|
0 |
|a Cultura de la investigación.
|
| 793 |
0 |
|
|g Digitalia eBook Collection:
|a Ediciones UNAULA.
|
| 856 |
4 |
0 |
|3 Digitalia Hispánica
|u https://www.digitaliapublishing.com/a/19801/
|
| 910 |
|
|
|a Premium Collection: 2007-2012
|